000 00442nam a22001577a 4500
003 MPLRDC
005 20220104142758.0
008 210129b ||||| |||| 00| 0 eng d
082 _a051.2 K1LM 1981 c.2*
100 _a黎明国民型华文女学校
245 _a吉隆坡黎明女校第32届六年级毕业特刊
_c
260 _a
_b黎明国民型华文女学校
_c1981
300 _b
650 _a
942 _cBK
_o051.2 K1LM 1981 c.2*
999 _c33635
_d33625